000
00308nam a22001337a 4500
041
_a
ENG
100
_a
Arora .S .C
245
_a
A Course in Refrigeration And Air - Conditioning
260
_a
Delhi
_b
Dhanpat Rai & CO
_c
1999
300
_a
C-19
650
_a
APE
700
_a
Domkundwar .s
856
_u
APE
999
_c
531
_d
531